[Event "Arco op 45th"]
[Site "Arco"]
[Date "2023.10.14"]
[Round "8"]
[White "Neuhoff, Laertes"]
[Black "Kempe, Caius Emilian"]
[Result "0-1"]
[WhiteElo "1902"]
[BlackElo "2026"]
[PlyCount "48"]
[EventDate "2023.10.07"]
[EventType "swiss"]
[EventRounds "9"]
[EventCountry "ITA"]
[SourceTitle "Mega2024 Update 01"]
[Source "Chessbase"]
[SourceDate "2023.11.12"]
[SourceVersion "1"]
[SourceVersionDate "2023.11.12"]
[SourceQuality "1"]

1. e4 e6 2. d4 d5 3. Nd2 c5 4. Ngf3 cxd4 5. Nxd4 Nf6 6. exd5 Nxd5 7. Bb5+ Bd7 8. 0-0 Qb6 9. Bxd7+ Nxd7 10. N2b3 Rc8 11. Re1 Be7 12. Nf5 g6 13. Nxe7 Nxe7 14. Bf4 Rd8 15. Qe2 0-0 16. Bg5 Rfe8 17. Rad1 Kg7 18. Rd3 f6 19. Qxe6 Qxe6 20. Rxe6 fxg5 21. Red6 Nd5 22. Rd1 N7b6 23. Rxd8 Rxd8 24. Nc5 Rc8 0-1

[Event "Walsrode Chessemy op-A"]
[Site "Walsrode"]
[Date "2023.03.07"]
[Round "4"]
[White "Kempe, Caius Emilian"]
[Black "Pubantz, Jan"]
[Result "0-1"]
[WhiteElo "2068"]
[BlackElo "2310"]
[PlyCount "146"]
[EventDate "2023.03.04"]
[EventType "swiss"]
[EventRounds "9"]
[EventCountry "GER"]
[SourceTitle "CBM 213 Extra"]
[Source "ChessBase"]
[SourceDate "2023.05.31"]
[SourceVersion "1"]
[SourceVersionDate "2023.05.31"]
[SourceQuality "1"]

1. d4 d5 2. c4 c6 3. e3 Nf6 4. Nc3 e6 5. Bd2 Nbd7 6. Rc1 Bd6 7. cxd5 exd5 8. Bd3 0-0 9. Nge2 Re8 10. f3 Nf8 11. 0-0 Bc7 12. Kh1 Ng6 13. Qe1 Qd6 14. Ng3 Nf4 15. Bb1 N4h5 16. Nce2 Nxg3+ 17. Qxg3 Qxg3 18. Nxg3 Bd7 19. Kg1 Bd6 20. a3 g6 21. Ba2 Kg7 22. e4 Bc7 23. e5 Ng8 24. f4 Nh6 25. Bb1 f5 26. Ne2 Nf7 27. Ba2 Bb6 28. Rf3 Nd8 29. h4 Nf7 30. Bb4 Nd8 31. Be1 Ne6 32. Bf2 Rac8 33. Rfc3 Nc7 34. R3c2 Kf7 35. g3 Kg7 36. Be3 Nb5 37. Kf2 Nc7 38. Ke1 Ne6 39. Kd2 Rcd8 40. Bf2 Kh6 41. Kd3 Kh5 42. Bb3 Kh6 43. Ba2 Kh5 44. Rb1 Kg4 45. b4 a6 46. Nc3 h6 47. Be3 g5 48. Rh2 Bxd4 49. Bxd4 Kxg3 50. Rhh1 Nxf4+ 51. Kd2 Nh3 52. Ne2+ Kg2 53. Rhe1 f4 54. Ng1 f3 55. Nxh3 Kxh3 56. Rh1+ Kg4 57. Ke3 gxh4 58. Rbg1+ Kh5 59. Rg7 Rg8 60. Rhg1 h3 61. Bb1 h2 62. Bg6+ Kh4 63. Rh1 Rxg7 64. Rxh2+ Kg3 65. Rxh6 f2 66. Ke2 Bg4+ 67. Kf1 Bh3+ 68. Rxh3+ Kxh3 69. Bf5+ Kh2 70. e6 Rg1+ 71. Kxf2 Rf8 72. e7 Rxf5+ 73. Ke2 Rg8 0-1

[Event "GER-chT Lands U20"]
[Site "Wiesbaden"]
[Date "2022.10.03"]
[Round "5.4"]
[White "Kempe, Caius Emilian"]
[Black "Hagner, Bennet"]
[Result "1/2-1/2"]
[WhiteElo "2030"]
[BlackElo "2253"]
[PlyCount "176"]
[EventDate "2022.09.30"]
[EventType "team-swiss"]
[EventRounds "7"]
[EventCountry "GER"]
[SourceTitle "CBM 210 Extra"]
[Source "ChessBase"]
[SourceDate "2022.11.30"]
[SourceVersion "1"]
[SourceVersionDate "2022.11.30"]
[SourceQuality "1"]
[WhiteTeam "Sachsen U20"]
[BlackTeam "Hessen U20"]
[WhiteTeamCountry "GER"]
[BlackTeamCountry "GER"]

1. d4 Nf6 2. c4 e6 3. Nf3 d5 4. cxd5 exd5 5. Bg5 c6 6. Nc3 h6 7. Bh4 Bf5 8. Qb3 g5 9. Bg3 Qb6 10. Nd2 Nbd7 11. e3 Nh5 12. Be2 Nxg3 13. hxg3 Nf6 14. Rc1 0-0-0 15. Na4 Qc7 16. Qc3 Bd6 17. b4 a6 18. Nc5 Bg4 19. a4 Bxe2 20. Kxe2 Qb6 21. Rc2 Kb8 22. Rb1 Rhe8 23. b5 cxb5 24. axb5 axb5 25. Rcb2 Bxc5 26. Rxb5 Bxd4 27. Qb4 Qa6 28. Qxd4 Ne4 29. Nxe4 dxe4 30. Qb6 Qxb6 31. Rxb6 Re7 32. Rxh6 Rd5 33. Rhb6 Rc7 34. R1b2 Rdc5 35. Kd2 Ka7 36. R6b4 Rc4 37. Rb5 f6 38. Ra5+ Kb8 39. Rab5 Rd7+ 40. Ke2 Ka7 41. Ra5+ Kb8 42. Rab5 Rc6 43. R5b4 Re7 44. g4 Ka7 45. Ra4+ Ra6 46. Rd4 Rae6 47. Ra4+ Kb8 48. Rab4 Rh7 49. R2b3 Kc8 50. Rb2 Rhe7 51. Rb5 Kb8 52. R5b4 Rc7 53. Kd2 Rd7+ 54. Ke2 Rde7 55. Rb5 Ka7 56. Ra5+ Ra6 57. Rab5 b6 58. Rf5 Re6 59. Rfb5 Ra5 60. R5b4 Ka6 61. f3 Rc5 62. Ra4+ Kb7 63. Rab4 Ka6 64. Ra4+ Ra5 65. Rab4 Rd5 66. Ra4+ Kb7 67. Rab4 Rc5 68. Kf2 Ka6 69. Ra4+ Ra5 70. Rab4 Ra3 71. Rb5 Rc3 72. R5b4 Ra3 73. Rb5 Rd3 74. R5b4 Rc3 75. Ra4+ Kb7 76. Rab4 Rd3 77. fxe4 Rc3 78. Kf3 Rc5 79. Kf2 Ka6 80. Ra4+ Ra5 81. Rab4 b5 82. Kf3 Kb6 83. Rd4 Kc6 84. Rd5 Kb6 85. Rd4 Ka6 86. Rd5 Rb6 87. e5 b4 88. Rd4 b3 1/2-1/2

[Event "GER-chT Lands U20"]
[Site "Wiesbaden"]
[Date "2022.10.01"]
[Round "2.5"]
[White "Kempe, Caius Emilian"]
[Black "Semling, Julius"]
[Result "1/2-1/2"]
[WhiteElo "2030"]
[BlackElo "1801"]
[PlyCount "108"]
[EventDate "2022.09.30"]
[EventType "team-swiss"]
[EventRounds "7"]
[EventCountry "GER"]
[SourceTitle "CBM 210 Extra"]
[Source "ChessBase"]
[SourceDate "2022.11.30"]
[SourceVersion "1"]
[SourceVersionDate "2022.11.30"]
[SourceQuality "1"]
[WhiteTeam "Sachsen U20"]
[BlackTeam "Baden U20 II"]
[WhiteTeamCountry "GER"]
[BlackTeamCountry "GER"]

1. d4 d5 2. c4 e6 3. Nc3 c6 4. cxd5 exd5 5. Qc2 g6 6. Nf3 Bf5 7. Qb3 Qb6 8. Bf4 Nd7 9. Qxb6 Nxb6 10. Be5 f6 11. Bg3 Bb4 12. a3 Bxc3+ 13. bxc3 Na4 14. Rc1 b5 15. Nd2 Ne7 16. f3 Nc8 17. e4 Bd7 18. Be2 Ncb6 19. 0-0 0-0 20. Rfe1 f5 21. Bd6 Rfe8 22. Bd3 Kf7 23. Bb1 Re6 24. Be5 Ree8 25. Rf1 Nb2 26. exf5 Bxf5 27. Bxf5 gxf5 28. f4 Nd3 29. Rc2 Nc4 30. Ra2 Rg8 31. Nf3 h6 32. Nh4 Ke6 33. Rf3 Ndxe5 34. fxe5 Rg5 35. g3 a5 36. Ng2 Rb8 37. h4 Rg4 38. Nf4+ Ke7 39. Nh5 Ke6 40. Raf2 Rf8 41. Ra2 b4 42. axb4 axb4 43. Nf4+ Rxf4 44. Rxf4 b3 45. Ra7 Rb8 46. g4 Ne3 47. gxf5+ Nxf5 48. Ra1 b2 49. Rb1 Rb3 50. Kf2 Rxc3 51. Rxb2 Rc4 52. Rb6 Nxd4 53. Rxd4 Rxd4 54. Rxc6+ Kxe5 1/2-1/2

[Event "Schwarzacher op 35th"]
[Site "Schwarzach"]
[Date "2022.07.19"]
[Round "4"]
[White "Kempe, Caius Emilian"]
[Black "Schreiner, Peter"]
[Result "0-1"]
[WhiteElo "1877"]
[BlackElo "2416"]
[PlyCount "64"]
[EventDate "2022.07.17"]
[EventType "swiss"]
[EventRounds "9"]
[EventCountry "AUT"]
[SourceTitle "CBM 209 Extra"]
[Source "ChessBase"]
[SourceDate "2022.09.30"]
[SourceVersion "1"]
[SourceVersionDate "2022.09.30"]
[SourceQuality "1"]

1. d4 Nf6 2. c4 e6 3. Nf3 c5 4. d5 d6 5. Nc3 exd5 6. cxd5 g6 7. e4 a6 8. a4 Bg4 9. Be2 Bxf3 10. Bxf3 Bg7 11. 0-0 0-0 12. g3 Nbd7 13. Bg2 c4 14. Be3 Qa5 15. Qe2 Ne5 16. Bf4 Nfd7 17. Bh3 Qc7 18. Bg2 Nd3 19. Be3 N7c5 20. Qc2 Qa5 21. Nd1 b5 22. Bd2 Nb4 23. Qc1 Nb3 24. axb5 Qxb5 25. Nc3 Qb7 26. Qd1 Nxa1 27. Qxa1 Nd3 28. Rb1 a5 29. Qa3 Qb4 30. Qxb4 axb4 31. Nb5 Rab8 32. Nxd6 Nxb2 0-1

[Event "Schwarzacher op 35th"]
[Site "Schwarzach"]
[Date "2022.07.18"]
[Round "3"]
[White "Roeberg, Frank"]
[Black "Kempe, Caius Emilian"]
[Result "1/2-1/2"]
[WhiteElo "2186"]
[BlackElo "1877"]
[PlyCount "27"]
[EventDate "2022.07.17"]
[EventType "swiss"]
[EventRounds "9"]
[EventCountry "AUT"]
[SourceTitle "CBM 209 Extra"]
[Source "ChessBase"]
[SourceDate "2022.09.30"]
[SourceVersion "1"]
[SourceVersionDate "2022.09.30"]
[SourceQuality "1"]

1. e4 e6 2. Nf3 d5 3. Nc3 Nf6 4. e5 Nfd7 5. d4 c5 6. Bg5 Qb6 7. dxc5 Bxc5 8. Qd2 Nc6 9. 0-0-0 Qa5 10. Qe1 a6 11. Kb1 Qc7 12. Bf4 b5 13. Bg3 Bb4 14. Qe3 1/2-1/2

[Event "GER-ch U14"]
[Site "Willingen"]
[Date "2022.06.11"]
[Round "9"]
[White "Kempe, Caius Emilian"]
[Black "Schwan, Aaron"]
[Result "1/2-1/2"]
[WhiteElo "1973"]
[BlackElo "1671"]
[PlyCount "163"]
[EventDate "2022.06.04"]
[EventType "swiss"]
[EventRounds "9"]
[EventCountry "GER"]
[SourceTitle "CBM 208 Extra"]
[Source "ChessBase"]
[SourceDate "2022.07.31"]
[SourceVersion "1"]
[SourceVersionDate "2022.07.31"]
[SourceQuality "1"]

1. d4 d5 2. c4 e6 3. Nc3 c6 4. cxd5 exd5 5. Nf3 Nf6 6. Bg5 Be7 7. Qc2 g6 8. e4 dxe4 9. Bxf6 Bxf6 10. Qxe4+ Qe7 11. 0-0-0 0-0 12. Qxe7 Bxe7 13. Bc4 Bf5 14. Rhe1 Bf6 15. h3 h5 16. Ne4 Bxe4 17. Rxe4 Nd7 18. d5 cxd5 19. Bxd5 Nc5 20. Rc4 Rac8 21. Kb1 b5 22. Rf4 Kg7 23. g4 hxg4 24. hxg4 Na4 25. g5 Bxb2 26. Rxa4 bxa4 27. Kxb2 Rfd8 28. Rd3 a3+ 29. Kb3 Rc5 30. Bc4 Rb8+ 31. Kc3 Rbc8 32. Nd2 Rxg5 33. Rd7 Rf5 34. f3 Kh6 35. Rxa7 Rf4 36. Rxa3 f5 37. Ra4 g5 38. Kd3 Rd8+ 39. Ke3 Rfd4 40. Nb3 R4d6 41. Nc1 Rd2 42. Ra6+ Kh5 43. Ne2 f4+ 44. Kf2 R2d6 45. Ra5 Kg6 46. a4 Rh8 47. Re5 Rd1 48. Kg2 Rdh1 49. Re6+ Kg7 50. Re7+ Kf8 51. Rf7+ Ke8 52. Nxf4 R8h2+ 53. Kg3 gxf4+ 54. Rxf4 Rh3+ 55. Kf2 Rc1 56. Re4+ Kd8 57. Rd4+ Kc7 58. Bd5 Kb6 59. Rc4 Rd1 60. Be4 Rh8 61. Bc6 Rd6 62. Bb5 Rf8 63. f4 Rf5 64. Kf3 Rdf6 65. Kg4 Rd5 66. Rc2 Rg6+ 67. Kf3 Rf6 68. Rf2 Kc7 69. Ke4 Kd6 70. Rc2 Re6+ 71. Kf3 Re1 72. Rc8 Ra1 73. Rd8+ Kc5 74. Rf8 Kd6 75. Bc4 Rc5 76. Bb5 Ke7 77. Re8+ Kf7 78. Re3 Kf6 79. Ke4 Rd1 80. Bd3 Ra5 81. Bb5 Ra7 82. Kf3 1/2-1/2

[Event "Heusenstamm Sparkassen op-A 7th"]
[Site "Heusenstamm"]
[Date "2021.11.20"]
[Round "5.35"]
[White "Kempe, Caius Emilian"]
[Black "Schreiner, Roland"]
[Result "1-0"]
[WhiteElo "1975"]
[BlackElo "2104"]
[PlyCount "83"]
[EventDate "2021.11.18"]
[EventType "swiss"]
[EventRounds "7"]
[EventCountry "GER"]
[SourceTitle "EXT 2023"]
[Source "ChessBase"]
[SourceDate "2022.10.05"]
[SourceVersion "1"]
[SourceVersionDate "2022.10.05"]
[SourceQuality "1"]

1. d4 d5 2. c4 c6 3. Nf3 Nf6 4. Nc3 e6 5. cxd5 exd5 6. Qc2 Bd6 7. Bg5 Nbd7 8. e3 Nf8 9. Bd3 Ne6 10. Bh4 h6 11. 0-0 0-0 12. Rab1 g5 13. Bg3 Bxg3 14. hxg3 c5 15. dxc5 Nxc5 16. Be2 Nce4 17. Rbd1 Be6 18. Nxe4 Nxe4 19. Nd4 Rc8 20. Qb3 Qe7 21. Bf3 Nf6 22. Qd3 Qd7 23. a3 Kg7 24. Rd2 h5 25. Rfd1 g4 26. Be2 Ne4 27. Nxe6+ Qxe6 28. Qd4+ Kh6 29. Bd3 Nxd2 30. Qf4+ Kg7 31. Qg5+ Kh8 32. Qxh5+ Kg7 33. Qg5+ Kh8 34. Bf5 Qc6 35. Qh5+ Kg7 36. Qxg4+ Kf6 37. Bxc8 Qxc8 38. Qd4+ Ke6 39. Qxd2 Qc6 40. Rc1 Qd6 41. Qd4 b6 42. Qa4 1-0

[Event "GER-ch U14"]
[Site "Willingen"]
[Date "2021.08.27"]
[Round "7"]
[White "Metzdorf, Matteo"]
[Black "Kempe, Caius Emilian"]
[Result "1/2-1/2"]
[WhiteElo "1859"]
[BlackElo "2013"]
[PlyCount "70"]
[EventDate "2021.08.22"]
[EventType "swiss"]
[EventRounds "9"]
[EventCountry "GER"]
[SourceTitle "EXT 2022"]
[Source "ChessBase"]
[SourceDate "2021.10.06"]
[SourceVersion "1"]
[SourceVersionDate "2021.10.06"]
[SourceQuality "1"]

1. e4 e6 2. d4 d5 3. Nc3 Nf6 4. e5 Nfd7 5. f4 c5 6. Nf3 Nc6 7. Be3 Be7 8. Qd2 0-0 9. g3 b6 10. Bg2 f6 11. 0-0 fxe5 12. fxe5 cxd4 13. Nxd4 Ndxe5 14. Nxc6 Nxc6 15. Nxd5 Bb7 16. Nxe7+ Qxe7 17. Rae1 Rxf1+ 18. Rxf1 Ne5 19. Bf4 Rd8 20. Qe2 Bxg2 21. Kxg2 Ng6 22. Bc1 Rd6 23. b3 Qd7 24. Qe4 Rd5 25. c4 Rf5 26. Qa8+ Kf7 27. Rxf5+ exf5 28. Bg5 h6 29. Be3 Ne5 30. Bf4 Ng4 31. h3 Nf6 32. Qb8 g5 33. Bd6 Ke6 34. Bb4 Qd3 35. Qxa7 Qe2+ 1/2-1/2

[Event "GER-ch U14"]
[Site "Willingen"]
[Date "2021.08.24"]
[Round "3"]
[White "Udelnov, Valentin"]
[Black "Kempe, Caius Emilian"]
[Result "0-1"]
[WhiteElo "1728"]
[BlackElo "2013"]
[PlyCount "112"]
[EventDate "2021.08.22"]
[EventType "swiss"]
[EventRounds "9"]
[EventCountry "GER"]
[SourceTitle "EXT 2022"]
[Source "ChessBase"]
[SourceDate "2021.10.06"]
[SourceVersion "1"]
[SourceVersionDate "2021.10.06"]
[SourceQuality "1"]

1. e4 e6 2. d4 d5 3. Nd2 c5 4. exd5 Qxd5 5. Ngf3 cxd4 6. Bc4 Qd7 7. 0-0 Nc6 8. Nb3 a6 9. a4 Bd6 10. Qe2 Nge7 11. Rd1 0-0 12. Nbxd4 Qc7 13. Bxe6 Nxd4 14. Nxd4 Bxh2+ 15. Kh1 fxe6 16. Nxe6 Qe5 17. Qxe5 Bxe5 18. Nxf8 Kxf8 19. c3 Bf5 20. Re1 Nc6 21. Be3 Kf7 22. Rad1 Re8 23. Bc5 h6 24. Rd5 g6 25. Bd4 Bxd4 26. Rxe8 Kxe8 27. cxd4 Ke7 28. Rc5 Kd6 29. Kh2 Nxd4 30. Rc4 Nc6 31. Kg3 Ne5 32. Rc3 Bd7 33. b3 Bf5 34. f4 Nd3 35. Kf3 h5 36. g3 Nc5 37. a5 Ne4 38. Rd3+ Kc6 39. Rd4 Nc5 40. b4 Nd3 41. Ke3 Kb5 42. Rd6 Nxb4 43. Rb6+ Kxa5 44. Rxb7 Ka4 45. Kd4 a5 46. Kc3 Ka3 47. Rb5 Na2+ 48. Kc4 a4 49. Rb8 Nc1 50. Re8 Kb2 51. Rb8+ Ka2 52. Rd8 a3 53. Rb8 Be6+ 54. Kc3 Ne2+ 55. Kc2 Bf5+ 56. Kd2 Nxg3 0-1